000 00561nam a22002297a 4500
003 UA-OsUOA
001 49805
007 ta
008 20071011b un ||||| |||| 00| 0 ukr d
100 _aРудяков П.
090 _a82.09
_bР83
942 _cBK
040 _aUA-OsUOA
_brus
_cUA-OsUOA
_dUA-OsUOA
245 _aИстория как роман
300 _a218 с.
955 _a1
041 _arus
080 _a82.09
260 _aК.
_c1993
650 7 _a82 Література. Літературознавство
_2UDC
999 _c335918
_d335918